Producer services, trade and the social division of labour.

Teoretické a metodologické neurčitosti vo výskume služieb výrobcom. Teoretické hypotézy vzťahujúce sa k rastu služieb výrobcom. Úlohy jednotlivých sektorov služieb výrobcom v metropolitných územiach a faktory ovplyvňujúce rast odvetví služieb výrobcom v oblasti sev.vých. Ohia (USA). Zmeny v zamestna...

Ausführliche Beschreibung

Gespeichert in:
Bibliographische Detailangaben
1. Verfasser: Goe, W.R
Format: Buchkapitel
Sprache:Englisch
Schlagworte:
Tags: Tag hinzufügen
Keine Tags, Fügen Sie das erste Tag hinzu!

MARC

LEADER 00000naa a2200000 4500
001 r004053
005 20220819194532.6
041 0 |a eng 
044 |a GB 
245 1 0 |a Producer services, trade and the social division of labour.  |c W.R. Goe 
520 |a Teoretické a metodologické neurčitosti vo výskume služieb výrobcom. Teoretické hypotézy vzťahujúce sa k rastu služieb výrobcom. Úlohy jednotlivých sektorov služieb výrobcom v metropolitných územiach a faktory ovplyvňujúce rast odvetví služieb výrobcom v oblasti sev.vých. Ohia (USA). Zmeny v zamestnanosti a podiel týchto služieb na ostatných odvetviach ekonomiky. 
610 2 0 |a služby pre podniky 
610 2 0 |a USA 
610 2 0 |a zamestnanosť 
610 2 0 |a deľba práce 
610 2 0 |a obchod 
100 1 |a Goe, W.R.